26th anniversary series Blundell lectures : topical issues in property law - A fair and impartial tribunal? Judges in their own cause (Record no. 102166)

MARC details
000 -LEADER
fixed length control field 00726cam a2200241 4500
001 - CONTROL NUMBER
control field J118708
008 - FIXED-LENGTH DATA ELEMENTS--GENERAL INFORMATION
fixed length control field 000000n2001 000 0 eng u
035 ## - SYSTEM CONTROL NUMBER
System control number (Sirsi) u118709
050 ## - LIBRARY OF CONGRESS CALL NUMBER
Classification number 346.4104
100 ## - MAIN ENTRY--PERSONAL NAME
Personal name Gaunt, J.
245 ## - TITLE STATEMENT
Title 26th anniversary series Blundell lectures : topical issues in property law - A fair and impartial tribunal? Judges in their own cause
260 ## - PUBLICATION, DISTRIBUTION, ETC.
Place of publication, distribution, etc. London
Name of publisher, distributor, etc. Law Society
Date of publication, distribution, etc. 2001
300 ## - PHYSICAL DESCRIPTION
Type of unit 1
Matrix and/or take number [Sound recordings, pre-AACR2 records only] [OBSOLETE, CAN/MARC] v.
Extent [various pagings]
Dimensions 30cm.
350 ## - PRICE (NR) (BK AM CF MU VM SE) [OBSOLETE]
Price 25.00
490 ## - SERIES STATEMENT
Series statement Blundell Lectures
650 ## - SUBJECT ADDED ENTRY--TOPICAL TERM
Topical term or geographic name entry element ALTERNATIVE DISPUTE RESOLUTION
650 ## - SUBJECT ADDED ENTRY--TOPICAL TERM
Topical term or geographic name entry element LANDS TRIBUNALS
650 ## - SUBJECT ADDED ENTRY--TOPICAL TERM
Topical term or geographic name entry element LAW
650 ## - SUBJECT ADDED ENTRY--TOPICAL TERM
Topical term or geographic name entry element LEASEHOLD VALUATION TRIBUNALS
690 ## - LOCAL SUBJECT ADDED ENTRY--TOPICAL TERM (OCLC, RLIN)
Topical term or geographic name as entry element PROPERTY
700 ## - ADDED ENTRY--PERSONAL NAME
Personal name Anderson, D.
942 ## - ADDED ENTRY ELEMENTS (KOHA)
Suppress in OPAC 0
Holdings
Withdrawn status Lost status Source of classification or shelving scheme Damaged status Not for loan Home library Current library Shelving location Date acquired Total Checkouts Full call number Barcode Date last seen Date last checked out Copy number Price effective from Koha item type
    Dewey Decimal Classification     London London Folio 05/07/2002 1 F346.4104 AND 30066099 06/08/2019 25/04/2005 1 06/08/2019 Book